Statistics for Vacation Journeys #1

Click here to take the quiz!

General Stats

  • This quiz has been taken 27 times
  • The average score is 9 of 15

Answer Stats

HintAnswer% Correct
Start in Vladivostok, on this country's coast.Russia
96%
Head west to a capital city, near a certain wall.Beijing
83%
Mind as well check out this other city that you may have attempted to guess in the last question.Dubai
79%
The holiest city of Islam.Mecca
75%
Cross the Persian Gulf, to the UAE's capital.Abu Dhabi
67%
Cross the border into the neighboring country with the fewest letters.Laos
67%
Follow the peninsula south into this country, home of the Petronas Towers.Malaysia
67%
This country is also a famous city state.Singapore
67%
The Taj Mahal is located in this city!Agra
54%
This second most populous city in Pakistan was once the capital of the Sikh Empire.Lahore
54%
Hop on a boat to this city, in the highest population country yet to be visited in this journey.Mumbai
54%
This city now has hosted 2 Formula 1 races, the first in Saudi Arabia to host an F1 race.Jeddah
50%
Head southwest to a capital city which is also known by a very, very long name.Bangkok
46%
Bandar Abbas, your next stop is located in this country to the west.Iran
42%
Cross the Red Sea to a certain "Port" city.Port Sudan
25%

Score Distribution

Percentile by Number Answered

Percent of People with Each Score

Your Score History

You have not taken this quiz